000 01407cam a22003974a 4500
001 11770283
003 OSt
005 20260205115301.0
008 990812s1999 dcu b 001 0 eng
010 _a 99045358
020 _a0870031686
_qcloth
020 _a0870031694
_qpaper
020 _a9780870031687
_q(cloth)
020 _a9780870031694
_q(paper)
035 _a11770283
035 _a(DLC) 99045358
040 _aDLC
_cKABLIB
_dKABLIB
042 _apcc
050 0 0 _aJC421
_b.C246 1999
082 0 0 _a321.8
_223
_bCAR
100 1 _aCarothers, Thomas,
_d1956-
_915196
245 1 0 _aAiding democracy abroad :
_bthe learning curve /
_cThomas Carothers.
260 _aWashington, DC :
_bCarnegie Endowment for International Peace,
_cc1999.
300 _ax, 411 p. ;
_c23 cm.
336 _atext
_btxt
_2rdacontent
337 _aunmediated
_bn
_2rdamedia
338 _avolume
_bnc
_2rdacarrier
504 _aIncludes bibliographical references (p. 383-400) and index.
650 0 _aDemocracy.
650 0 _aDemocratization.
650 0 _aTechnical assistance.
_910262
906 _a7
_bcbc
_corignew
_d1
_eocip
_f19
_gy-gencatlg
942 _2ddc
_cBOOK
999 _c6016
_d6016